<?xml version="1.0" encoding="UTF-8"?>
<record
    xmlns:xsi="http://www.w3.org/2001/XMLSchema-instance"
    xsi:schemaLocation="http://www.loc.gov/MARC21/slim http://www.loc.gov/standards/marcxml/schema/MARC21slim.xsd"
    xmlns="http://www.loc.gov/MARC21/slim">

  <leader>01349nam a2200205 a 4500</leader>
  <controlfield tag="008">180206e2003    ag ||||| |||| 00| p spa d</controlfield>
  <datafield tag="020" ind1=" " ind2=" ">
    <subfield code="a">9506947007</subfield>
  </datafield>
  <datafield tag="041" ind1=" " ind2=" ">
    <subfield code="a">spa</subfield>
  </datafield>
  <datafield tag="092" ind1=" " ind2=" ">
    <subfield code="c">808.8</subfield>
    <subfield code="l">26</subfield>
    <subfield code="s">FON</subfield>
  </datafield>
  <datafield tag="100" ind1="1" ind2=" ">
    <subfield code="a">Fonseca, Ricardo</subfield>
    <subfield code="9">3289</subfield>
  </datafield>
  <datafield tag="245" ind1=" " ind2=" ">
    <subfield code="a">Animal ling&#xFC;&#xED;stico. </subfield>
    <subfield code="b">Poemas y canciones /</subfield>
    <subfield code="c">Ricardo Fonseca</subfield>
  </datafield>
  <datafield tag="250" ind1=" " ind2=" ">
    <subfield code="a">1a ed.</subfield>
  </datafield>
  <datafield tag="260" ind1=" " ind2=" ">
    <subfield code="a">Buenos Aires:</subfield>
    <subfield code="b">Nuevo Hacer;</subfield>
    <subfield code="c">2003.</subfield>
  </datafield>
  <datafield tag="300" ind1=" " ind2=" ">
    <subfield code="a">351 p.</subfield>
  </datafield>
  <datafield tag="500" ind1=" " ind2=" ">
    <subfield code="a">Fonseca, R. (2003). Animal ling&#xFC;&#xED;stico. Poemas y canciones. (1a ed.). Buenos Aires : Nuevo Hacer.</subfield>
  </datafield>
  <datafield tag="505" ind1=" " ind2=" ">
    <subfield code="a">Animal ling&#xFC;&#xED;stico es una antolog&#xED;a personal de poemas y canciones extra&#xED;dos, robado del lenguaje com&#xFA;n y alimentados de entra&#xF1;ables y numerosas voces de poetas y narradores/as latinoamericanos, facilitadores a su vez de ese intento inconcluso y quiz&#xE1; vano de querer decir lo indecible. De ese barrer en la oscuridad que supone el provocar y el ser provocado por las palabras para que expresen algo de lo mucho que silencian. Claro que el viento, el agua, el d&#xED;a, la noche, los sue&#xF1;os y ensue&#xF1;os, tambi&#xE9;n pasan y transcurren por estos artefactos ling&#xFC;&#xED;sticos que, al contacto con sus posibles lectores, ojal&#xE1; emitan m&#xED;nimas se&#xF1;ales de lo que, por acostumbradora complicidad, llamamos poes&#xED;a. </subfield>
  </datafield>
  <datafield tag="590" ind1=" " ind2=" ">
    <subfield code="a">DONACION MARIA VITARELLI DIC/2017.</subfield>
  </datafield>
  <datafield tag="655" ind1=" " ind2=" ">
    <subfield code="a">Literatura</subfield>
    <subfield code="9">2917</subfield>
  </datafield>
  <datafield tag="942" ind1=" " ind2=" ">
    <subfield code="2">ddc</subfield>
    <subfield code="c">LIT</subfield>
  </datafield>
  <datafield tag="999" ind1=" " ind2=" ">
    <subfield code="c">2638</subfield>
    <subfield code="d">2638</subfield>
  </datafield>
  <datafield tag="952" ind1=" " ind2=" ">
    <subfield code="0">0</subfield>
    <subfield code="1">0</subfield>
    <subfield code="2">ddc</subfield>
    <subfield code="4">0</subfield>
    <subfield code="7">0</subfield>
    <subfield code="a">BFM</subfield>
    <subfield code="b">BFM</subfield>
    <subfield code="c">CR</subfield>
    <subfield code="d">2018-02-06</subfield>
    <subfield code="e">Donacion</subfield>
    <subfield code="l">0</subfield>
    <subfield code="o">808.8 26 FON</subfield>
    <subfield code="p">4140</subfield>
    <subfield code="r">2018-02-06</subfield>
    <subfield code="t">Ej. 1</subfield>
    <subfield code="w">2018-02-06</subfield>
    <subfield code="y">LIT</subfield>
    <subfield code="z">DONACION MARIA VITARELLI DIC/2017.</subfield>
  </datafield>
</record>
